000 00413nam a2200181Ia 4500
008 090123s9999 xx 000 0 und d
082 _b35594
100 _aENID BLYTON
245 _aHAPPY TIME STORIES
250 _a0
260 _bPURNELL PUBLISHERS
300 _a156
600 _aENID BLYTON
630 _aHAPPY TIME STORIES
700 _aENID BLYTON
730 _aHAPPY TIME STORIES
942 _cBOOK
999 _c73661
_d73661